| 000 | 00370nam a22001457a 4500 | ||
|---|---|---|---|
| 003 | macl | ||
| 005 | 20180224121707.0 | ||
| 008 | 180224b xxu||||| |||| 00| 0 eng d | ||
| 040 | _cmacl | ||
| 100 |
_aGupta,Sheetal _970633 |
||
| 245 | _aFirmula 1 :The fastest show on Earth | ||
| 260 |
_aAllahabad _bOm Publication _c2016 |
||
| 650 |
_asport _917947 |
||
| 942 |
_2ddc _cBK |
||
| 999 |
_c57297 _d57297 |
||